Microcomputer database management using dBase IV

Bibliographic Details
Main Author: Pratt, Philip J.
Format: Book
Language:English
Published: Boston, MA : Boyd & Fraser , c1990
Subjects:

MARC

LEADER 00000cam a2200000 7i4500
001 0000003797
005 20230511.0
008 991207 mau eng
020 |a 0878354352 
040 |a INS 
090 0 0 |a QA76.9.D3   |b .P75 1990 
100 1 |a Pratt, Philip J. 
245 1 0 |a Microcomputer database management using dBase IV   |c Philip J. Pratt 
260 |a Boston, MA :   |b Boyd & Fraser ,   |c c1990 
300 |a xviii, 541 p :   |b ill. ;   |c 28 cm. 
504 |a Includes bibliographical references and index 
650 0 |a Computer 
650 0 |a Data base management 
650 0 |a dBase IV (Computer Program) 
999 |a 0000004494   |b BOOK   |c Open Shelf   |e Default branch